Biochemistry/ (Record no. 154069)

MARC details
000 -LEADER
fixed length control field 00499nam a22001817a 4500
005 - DATE AND TIME OF LATEST TRANSACTION
control field 20180715130201.0
010 ## - LCCN (DPL NO)
LC control number B-168155
020 ## - INTERNATIONAL STANDARD BOOK NUMBER
International Standard Book Number 9788180940040
Terms of availability 180.00
035 ## - SYSTEM CONTROL NUMBER
System control number B-168155
037 ## - SOURCE OF ACQUISITION
Source of stock number/acquisition MJP Publishers
082 ## - DEWEY DECIMAL CLASSIFICATION NUMBER
Classification number 574.192
100 ## - MAIN ENTRY--PERSONAL NAME
Personal name Verakumari, L.
245 ## - TITLE STATEMENT
Title Biochemistry/
Statement of responsibility, etc by L. Veerakumari
260 ## - PUBLICATION, DISTRIBUTION, ETC. (IMPRINT)
Place of publication, distribution, etc Chennai
Name of publisher, distributor, etc MJP Publishers
Date of publication, distribution, etc 2004
300 ## - PHYSICAL DESCRIPTION
Extent 367p.
Dimensions 19cm(Pbk)
942 ## - ADDED ENTRY ELEMENTS (KOHA)
Source of classification or shelving scheme Dewey Decimal Classification
Item type English Books
Classification part 574.192
Call number suffix VEE
Holdings
Withdrawn status Lost status Not for loan Collection code Home library Current library Date acquired Full call number Barcode Koha item type
      Non-fiction Sarojini Nagar Sarojini Nagar 15/07/2018 574.192 VEE B-168155 English Books

© Delhi Public Library
Hit Counter
free hit counter